Les conversions de Saint Agustin

Saved in:
Bibliographic Details
Main Author: Blond, Jean-Marie (Author)
Format: Book
Language:French
Published: París Aubier 1950
Series:Théologie, 17
Subjects:
Tags: Add Tag
No Tags, Be the first to tag this record!

MARC

LEADER 00000nam a2200000 a 4500
001 UCY7019
003 CL-VaPUC
008 950602e19500000FR |||||||||||||||||fre|d
082 0 4 |a 189.2  |b BLO  |2 21 
100 0 |a Blond, Jean-Marie  |e author  |9 337290 
245 1 4 |a Les conversions de Saint Agustin 
300 |a 318 p 
942 |c BK 
945 |d 19950602 00:00:00  |a oaravena 
260 |a París  |b Aubier  |c 1950 
600 0 |a Dios  |9 314467 
600 0 |a San Agustín de Hipona  |x Teólogo y filósofo cristiano   |9 311590 
650 0 |a Filosofía   |9 223554 
650 0 |a Vida espiritual  |9 307811 
650 0 |a Edad media  |9 258041 
650 0 |a Teología   |9 258766 
650 0 |a Neoplatonismo  |9 265877 
650 0 |a Cristianismo  |9 257361 
650 7 |a CONVERSION  |2 CL-VaPUC  |9 310975 
650 0 |a Catolicismo  |9 258690 
583 |a last modification  |c 19950602 00:00:00  |k Rodrigo Vera 
490 0 |a Théologie, 17 
999 |c 234494  |d 234492 
952 |0 0  |1 0  |4 0  |6 189_200000000000000_BLO_1950  |7 0  |8 P  |9 240897  |a BIBEDU  |b BIBEDU  |c BIBEDU_PB  |d 2019-11-18  |i 1514237  |o 189.2 BLO 1950  |p 1514237  |r 2024-01-25  |w 2019-11-18  |y BK  |k FIL 
952 |0 0  |1 0  |4 0  |6 189_200000000000000_BLO_1950  |7 0  |8 P  |9 240898  |a BIBEDU  |b BIBEDU  |d 2019-11-18  |i 1514245  |l 4  |m 2  |o 189.2 BLO 1950  |p 1514245  |q 2024-08-02  |r 2024-07-03  |s 2024-07-03  |w 2019-11-18  |y BK  |k FIL